| 000 | 004460000a22001810004500 | ||
|---|---|---|---|
| 003 | MACL | ||
| 005 | 20150804175851.0 | ||
| 008 | 150804b xxu||||| |||| 00| 0 eng d | ||
| 040 |
_aMACL _cMACL |
||
| 041 | _aEnglish | ||
| 082 | _a370/CHA | ||
| 100 |
_aChatterjee, Prakash _94810 |
||
| 245 | _aBeyond The Positive Thinking | ||
| 260 |
_bPearl Books _c2008 _aNew Delhi |
||
| 350 | _a695 | ||
| 650 |
_aEducation _94811 |
||
| 942 |
_cBK _k370/CHA _2ddc |
||
| 999 |
_c42184 _d42184 |
||